El cheque y su legislación: estudio histórico, jurídico y práctico
Guardat en:
| Autor principal: | |
|---|---|
| Format: | Llibre |
| Idioma: | espanyol |
| Publicat: |
Santiago
Bustos y Letelier
1950
|
| Matèries: | |
| Etiquetes: |
Afegir etiqueta
Sense etiquetes, Sigues el primer a etiquetar aquest registre!
|
MARC
| LEADER | 00000nam a2200000 a 4500 | ||
|---|---|---|---|
| 001 | UCL3862 | ||
| 003 | CL-VaPUC | ||
| 008 | 031219e19500000CL |||||||||||||||||spa|d | ||
| 082 | 0 | 4 | |a 346.096 |b VAS |2 21 |
| 100 | 0 | |a Vásquez Méndez, Luis Guillermo |e author |9 481297 | |
| 245 | 1 | 3 | |a El cheque y su legislación: estudio histórico, jurídico y práctico |
| 300 | |a 189 p | ||
| 942 | |c BK | ||
| 945 | |d 20031219 00:00:00 |a rbrito | ||
| 260 | |a Santiago |b Bustos y Letelier |c 1950 | ||
| 650 | 0 | |a Cheque |9 257249 | |
| 650 | 0 | |a Derecho privado |9 258243 | |
| 650 | 0 | |a Jurisprudencia |9 255952 | |
| 650 | 7 | |a DELITOS SOBRE CHEQUES |2 CL-VaPUC |9 377305 | |
| 650 | 7 | |a GIRO DOLOSO DE CHEQUES |2 CL-VaPUC |9 383497 | |
| 583 | |a last modification |c 20031219 00:00:00 |k Rodrigo Vera | ||
| 999 | |c 306860 |d 306858 | ||
| 952 | |0 0 |1 0 |4 0 |6 346_096000000000000_VAS_1950 |7 0 |8 A |9 372270 |a BIBDER |b BIBDER |d 2019-11-21 |i 3964116 |o 346.096 VAS 1950 |p 3964116 |r 2023-01-25 |w 2019-11-21 |y BK |k DER | ||